Soccer Manager Who Gained 90 or More Points in Top 5 League - Statistics

General Stats
  • This quiz has been taken 70 times
  • The average score is 36 of 47
Answer Stats
Season Club Manager Point % Correct
09-10 FC Barcelona Pep Guardiola 99
98%
10-11 FC Barcelona Pep Guardiola 96
98%
FC Barcelona Pep Guardiola 91
98%
Bayern Munich Pep Guardiola 90
98%
17-18 Manchester City Pep Guardiola 100
98%
18-19 Manchester City Pep Guardiola 98
98%
21-22 Manchester City Pep Guardiola 93
98%
Manchester City Pep Guardiola 91
98%
93-94 Manchester United Alex Ferguson 92 (42 game)
96%
99-00 Manchester United Alex Ferguson 91
96%
08-09 Manchester United Alex Ferguson 90
96%
Liverpool FC Jorgen Klopp 97
94%
19-20 Liverpool Jorgen Klopp 99
94%
Liverpool FC Jorgen Klopp 92
94%
04-05 Chelsea Jose Mourinho 95
94%
05-06 Chelsea Jose Mourinho 91
94%
Real Madrid Jose Mourinho 92
94%
11-12 Real Madrid Jose Mourinho 100
94%
Real Madrid Rafael Benitez / Zinedine Zidane 90
94%
Real Madrid Zinedine Zidane 93
94%
Real Madrid Carlo Ancelotti 92
92%
23-24 Real Madrid Carlo Ancelotti 95
92%
03-04 Arsenal Arsène Wenger 90
91%
Bayer Leverkusen Xavi Alonso 90
85%
14-15 FC Barcelona Luis Enrique 94
81%
FC Barcelona Luis Enrique 91
81%
FC Barcelona Luis Enrique 90
81%
Atletico Madrid Diego Simeone 90
79%
13-14 Juventus Antonio Conte 102
74%
Chelsea Antonio Conte 93
74%
20-21 Inter Antonio Conte 91
74%
PSG Thomas Tuchel 91
68%
Juventus Massimiliano Allegri 91
62%
Juventus Massimiliano Allegri 91
62%
Juventus Massimiliano Allegri 95
62%
Juventus Massimiliano Allegri 90
62%
Bayern Munich Jupp Heynckes 91 (36 game)
58%
Inter Simone Inzaghi 94
55%
FC Barcelona Ernesto Valverde 93
47%
SSC Napoli Maurizio Sarri 91
45%
PSG Unai Emery 93
42%
15-16 PSG Laurent Blanc 96
40%
06-07 Inter Roberto Mancini 97
40%
12-12 FC Barcelona Francesc Vilanova 100
34%
22-23 SSC Napoli Luciano Spalletti 90
30%
16-17 AS Monaco Leonardo Jardim 95
25%
Real Madrid Manuel Pellegrini 96
25%
No matching quizzes found
Score Distribution
Percent of People with Each Score
Percentile by Number Answered
Your Score History
You have not taken this quiz